Oryx and Crake (Бичлэгийн дугаар. 145415)
| 000 -УДИРДЛАГА | |
|---|---|
| Удирдлага | 00802nam a22003017a 4500 |
| 003 - ХЯНАЛТЫН ТОО ТОДОРХОЙЛОГЧ | |
| Код | MN-UlNUM |
| 005 - БИЧИЛТ ХИЙСЭН ОГНОО | |
| Тухайн бичилтийг бичсэн засварласан сүүлийн огноо | 20251107114348.0 |
| 008 - ЕРӨНХИЙ МЭДЭЭЛЭЛ | |
| Ерөнхий мэдээлэл | 251107s2003 nyu||||| |||| 001 0 eng d |
| 020 ## - ISBN | |
| ISBN | 0385721676 |
| 040 ## - БИЧЛЭГ ҮҮСГЭГЧ БАЙГУУЛЛАГА | |
| Бичлэг үүсгэгч номын сангийн код | МУИС-ийн номын сан |
| 084 ## - ББК АНГИЛАЛ | |
| Нэмэлт тусгалт | Нэг сэдэвт бүтээл |
| ББК ангилал | 84(7) |
| Зохиогчийн гурван тэмдэгт | A 90 |
| Мэдлэгийн ялгаа | 84 - Уран зохиол |
| 100 1# - ЗОХИОГЧ | |
| Зохиогчийн нэр | Atwood, Margaret |
| 245 10 - ҮНДСЭН ГАРЧИГ | |
| Номын нэр | Oryx and Crake |
| Бага гарчгийн мэдээ | a novel |
| Оролцогчдын тухай мэдээ | Margaret Atwood. |
| 250 ## - ДАХИН ХЭВЛЭЛТ | |
| Дахин гаралтын дугаар | 1st ed. in the U.S. |
| 260 ## - ГАРАЛТЫН МЭДЭЭ | |
| Хэвлэгдсэн газар | New York : |
| Хэвлэлийн газар | Nan A. Talese |
| Хэвлэгдсэн он | 2003. |
| 300 ## - МАТЕРИАЛЫН ТОДОРХОЙЛОЛТ | |
| хуудасны тоо | 376 p. ; |
| Хэмжээ | 25 cm. |
| 500 ## - Тайлбар | |
| Дансны дугаар | БС 2002 |
| 546 ## - ХЭЛНИЙ ТУХАЙ МЭДЭЭ | |
| Хэл | Англи хэл дээр, |
| 653 ## - Түлхүүр үг | |
| Түлхүүр үг | triangles (Interpersonal relations) $v Fiction. |
| 653 ## - Түлхүүр үг | |
| Түлхүүр үг | genetic engineering $v Fiction. |
| 653 ## - Түлхүүр үг | |
| Түлхүүр үг | male friendship $v Fiction. |
| 740 ## - НОМЫН ГАРЧИГ | |
| Гарчиг | Mango |
| 740 ## - НОМЫН ГАРЧИГ | |
| Гарчиг | Bonfire |
| 740 ## - НОМЫН ГАРЧИГ | |
| Гарчиг | Nooners |
| 740 ## - НОМЫН ГАРЧИГ | |
| Гарчиг | Rakunk |
| 942 ## - ЭЛЕМЕНТИЙН ТӨРӨЛ | |
| Зүйлийн төрөл | Ном |
